000 00260nam a2200097Ia 4500
001 1252110
005 20251031150928.0
008 251031s9999 xx 000 0 und d
245 0 _cMEVSİM EREN
_aÜ-1 BOYAMA KOLEKSİYONU SPIDER -GWEN
260 _bBETA YAYINLARI
999 _c1252110
_d1252110